| 000 | 01831nam a2200205 4500 | ||
|---|---|---|---|
| 999 |
_c511560 _d511560 |
||
| 008 | 190926b ||||| |||| 00| 0 eng d | ||
| 100 |
_aRivenbark, William C. _911458 |
||
| 245 | _aExploring performance management in Italian local government: The necessity of outcome measures and citizen participation | ||
| 260 | _bAmerican Review of Public Administration | ||
| 300 | _a49(5), Jul, 2019: p.5545-553. | ||
| 520 | _aThe purpose of this article is to identify what internal and external factors increase the probability of local officials actually using performance data for decision making within Italian local government, responding to one of the basic questions of performance management theory. Based on a sample of local governments from the Apulia region, we used an ordinary least squares regression model to show that local officials are more likely to engage in performance data use when they rely on input, output, and outcome measures and when they increase the level of citizen participation. While the reliance on more advanced performance measures clearly builds on previous research, our study represents one of the few studies that demonstrates a statistically significant relationship between performance management and citizen participation in local government. We conclude from our findings that we cannot forget about basic performance measurement and external stakeholder involvement as scholars continue to push the boundaries of performance management theory. - Reproduced. | ||
| 650 |
_aCitizen participation _911459 |
||
| 650 |
_aPerformance management _911460 |
||
| 650 |
_aPerformance measurement _911461 |
||
| 700 |
_aFasiello, Roberta _911462 |
||
| 700 |
_aAdamo, Stefano _911463 |
||
| 773 | _aAmerican Review of Public Administration | ||
| 906 | _aLocal government - Italy | ||
| 942 |
_2ddc _cAR |
||